Bandiere dei paesi che iniziano con L - Statistics

Statistiche generali
  • Questo quiz è stato fatto 135 volte
  • Il punteggio medio è 8 su 9
Statistiche sulle risposte
con Immagini Risposta % Corretto
Libano
99%
Lettonia
96%
Lussemburgo
96%
Laos
95%
Lituania
95%
Liechtenstein
94%
Libia
93%
Liberia
92%
Lesotho
87%
Nessun quiz corrispondente trovato
Distribuzione punteggi
Percentuale di utenti per punteggio
Percentile per numero di risposta
I tuoi punteggi nel tempo
Non hai fatto questo quiz